书目信息 |
| 书名: | United states electoral systems | |
| 作者: | Rule. | |
| 分册号: | ||
| 分册名: | 出版地: | New york : |
|
| 出版社: | Praeger | |
| 出版时间: | 1992. | |
| 页数: | 246 p. ; | |
| 开本: | 20cm. | |
| 丛书名: | ||
| 中图分类号: | ||
| 科图分类号: | ||
| 其他分类号: | D771.224 | |
| 主题词: | ||
| 电子资源: | ||
| 000 | 00431nam 2200145 a 4500 | |
| 001 | E0153298715 | |
| 005 | 2001121814481854 | |
| 008 | 011218s1992 00010 eng | |
| 020 | @a0-275-94240-6 :@cRMB 12.00. | |
| 040 | @aPFT@beng | |
| 090 | @aD771.224 | |
| 099 | @dD771.224@eR935 | |
| 245 | @aUnited states electoral systems :@bTheir lmpact on wimen and minorities / @cRule. | |
| 260 | @aNew york :@bPraeger,@c1992. | |
| 300 | @a246 p. ;@c20cm. | |
| United states electoral systems : : Their lmpact on wimen and minorities / / Rule.-New york : : Praeger, , 1992. |
| 246 p. ; ; 20cm. |
| ISBN 0-275-94240-6 :RMB 12.00. |
| ● |
| 相关链接 |
|
|
|
正题名:United states electoral systems
索取号:D771.224/R935
 
预约/预借
| 序号 | 登录号 | 条形码 | 馆藏地/架位号 | 状态 | 备注 |
| 1 | 0765 | 300007659 | 社科库509/509社科库 53排2列3层/ [索取号:D771.224/R935] | 在馆 |